| 000 | 00600nam a2200181Ia 4500 | ||
|---|---|---|---|
| 008 | 140527s9999 xx 000 0 und d | ||
| 020 | _a9789712360503 | ||
| 050 |
_aDS 675.8R6 _b.J772o 2011 |
||
| 100 | _aDeViana, Augusto V. | ||
| 245 |
_aJose Rizal : social reformer and patriot : _ba study of his life and times / _cAugusto V. DeViana... [et al.]. |
||
| 260 |
_aQuezon City : _bRex Printing Company, Inc., _cc2011. |
||
| 300 |
_a241 p. : _c23 cm. |
||
| 500 | _aIncludes bibliographical references. | ||
| 521 | _aGE | ||
| 650 |
_aHeroes _xBiography |
||
| 942 |
_kLOC _cBK |
||
| 999 |
_c117534 _d117534 |
||